Betónové mosty

Guardado en:
Detalles Bibliográficos
Autores principales: Majdúch, Dušan (Autor), Bolha, Ľubomír, 1941- (Autor)
Formato: Libro
Lenguaje:eslovaco
Publicado: Bratislava : SVŠT v Bratislave, 1983
Edición:2.vyd.
Etiquetas: Agregar Etiqueta
Sin Etiquetas, Sea el primero en etiquetar este registro!

MARC

LEADER 00000nam a22000003a 4500
001 stu88226
005 20150617225626.5
008 040622s1983----cs------------------slo-d
040 |a STU  |b slo 
041 0 |a slo 
044 |a cs 
080 |a 624.21.012.3(075.8) 
100 1 |a Majdúch, Dušan  |4 aut 
245 1 |a Betónové mosty 
250 |a 2.vyd. 
260 |a Bratislava :  |b SVŠT v Bratislave,  |c 1983 
300 |a 308 s.;tab.,schémy 
700 1 |a Bolha, Ľubomír,  |d 1941-  |4 aut  |u V110  |U SvF Stavebná fakulta  |T SvF Katedra betónových konštrukcií a mostov  |X 1002  |U V110  |Y 11  |7 A000001002 
996 |b 284V013464  |c V*41289/S-04  |l VVS  |s A  |a 24  |w stu88226_0001 
996 |b 284V023232  |c V*25786/O-10606a  |l VVT  |s A  |a 24  |w stu88226_0002